000
00472nam a2200181Ia 4500
008
100917s9999 xx 000 0 und d
082
_b
4710
100
_a
कुलकर्णी दत्तात्रय माधवराव
245
_a
विभा
260
_b
---
_c
1914
300
_a
208
365
_b
1.5
520
_a
कादंबरी
630
_a
विभा
650
_a
कादंबरी
730
_a
विभा
942
_c
BOOK
999
_c
610104
_d
610101